Altruizmus, social potential and regional development

Metóda špecifikácie regiónu. Charakteristika Košického regiónu. Hlavným cieľom je zvážiť rozšírenie jednotlivých charakteristík o niektoré endogénne charakteristiky v rámci modelu Verejno-súkromného partnerstva (PPP). Analýza nečistého altruizmu v kontexte PPP. Výsledkom štúdie je schéma pojmov, kto...

Descripción completa

Guardado en:
Detalles Bibliográficos
Autor principal: Koľveková, Gabriela
Formato: Capítulo de libro
Lenguaje:inglés
Materias:
Etiquetas: Agregar Etiqueta
Sin Etiquetas, Sea el primero en etiquetar este registro!

MARC

LEADER 00000naa$a2200000$$$4500
001 0023143
005 20231113140750.1
041 0 |a eng 
044 |a CZ 
245 1 0 |a Altruizmus, social potential and regional development  |c Gabriela Koľveková 
520 |a Metóda špecifikácie regiónu. Charakteristika Košického regiónu. Hlavným cieľom je zvážiť rozšírenie jednotlivých charakteristík o niektoré endogénne charakteristiky v rámci modelu Verejno-súkromného partnerstva (PPP). Analýza nečistého altruizmu v kontexte PPP. Výsledkom štúdie je schéma pojmov, ktorá ukazuje ako funguje sociálny kapitál vo všeobecnosti. Opis diagramu pojmov umožňuje ďalšie pochopenie dôležitých detailov konceptu sociálneho kapitálu. 
610 2 0 |a kapitál sociálny 
610 2 0 |a altruizmus 
610 2 0 |a rozvoj regionálny 
610 2 0 |a partnerstvo verejno-súkromné 
610 2 0 |a regióny 
610 2 0 |a Košice 
610 2 0 |a rozvoj územný 
610 2 0 |a analýzy 
610 2 0 |a ukazovatele 
610 2 0 |a kapitál ľudský 
100 1 |a Koľveková, Gabriela